[Event "BL 2223 (Women)"]
[Site "Germany"]
[Date "2023.03.12"]
[Round "8.1"]
[White "Kosteniuk, Alexandra"]
[Black "Cosma, Elena Luminita"]
[Result "1-0"]
[WhiteElo "2521"]
[BlackElo "2243"]
[PlyCount "69"]
[EventDate "2022.10.15"]
[EventType "team-tourn"]
[EventRounds "11"]
[EventCountry "GER"]
[SourceTitle "CBM 213 Extra"]
[Source "ChessBase"]
[SourceDate "2023.05.31"]
[SourceVersion "1"]
[SourceVersionDate "2023.05.31"]
[SourceQuality "1"]
[WhiteTeam "Baden-Baden (W)"]
[BlackTeam "Hemer (W)"]
[WhiteTeamCountry "GER"]
[BlackTeamCountry "GER"]

1. e4 e6 2. d4 d5 3. e5 c5 4. c3 Nc6 5. Nf3 Bd7 6. Be2 Nge7 7. Na3 cxd4 8. cxd4 Nf5 9. Nc2 Nb4 10. 0-0 Nxc2 11. Qxc2 Qb6 12. Qd3 a6 13. Bd2 Be7 14. a4 a5 15. g4 Nh6 16. Ng5 Rc8 17. Rfc1 Rxc1+ 18. Rxc1 Bc6 19. b3 Kd7 20. h4 Qd8 21. Kg2 Bb4 22. Bf4 Qg8 23. Qe3 Qf8 24. f3 Ng8 25. Bd3 h6 26. Nh3 Ne7 27. Bg3 g6 28. Nf4 Qg7 29. Be2 h5 30. Nd3 hxg4 31. fxg4 Nc8 32. Nxb4 axb4 33. Rf1 Rh7 34. Bd3 Ne7 35. Qd2 1-0

[Event "Sebes Romanian Rapid op"]
[Site "Sebes"]
[Date "2022.12.02"]
[Round "6"]
[White "Cosma, Elena Luminita"]
[Black "Lupulescu, Adrian Calin"]
[Result "1-0"]
[WhiteElo "2244"]
[BlackElo "1930"]
[PlyCount "57"]
[EventDate "2022.12.02"]
[EventType "swiss (rapid)"]
[EventRounds "8"]
[EventCountry "ROU"]
[SourceTitle "CBM 211 Extra"]
[Source "ChessBase"]
[SourceDate "2023.01.31"]
[SourceVersion "1"]
[SourceVersionDate "2023.01.31"]
[SourceQuality "1"]

1. d4 d5 2. c4 e6 3. Nf3 c6 4. Qc2 Nf6 5. g3 Nbd7 6. Bg2 Be7 7. 0-0 0-0 8. b3 b6 9. Bb2 Bb7 10. Nc3 Rc8 11. Rad1 Qc7 12. e4 dxe4 13. Nxe4 Nxe4 14. Qxe4 c5 15. Qe2 cxd4 16. Nxd4 Bxg2 17. Kxg2 Qb7+ 18. Qf3 Qxf3+ 19. Kxf3 Bf6 20. Nb5 Bxb2 21. Rxd7 a6 22. Na7 Rc5 23. Rfd1 e5 24. R1d5 Bd4 25. Rxc5 Bxc5 26. Nc6 f6 27. b4 Rc8 28. Na7 e4+ 29. Kxe4 1-0

[Event "Braila GP RO Stage 5"]
[Site "Braila"]
[Date "2022.11.06"]
[Round "6"]
[White "Cosma, Elena Luminita"]
[Black "Codreanu, Marius"]
[Result "1-0"]
[WhiteElo "2244"]
[BlackElo "1834"]
[PlyCount "43"]
[EventDate "2022.11.05"]
[EventType "swiss (rapid)"]
[EventRounds "10"]
[EventCountry "ROU"]
[SourceTitle "EXT 2024"]
[Source "ChessBase"]
[SourceDate "2023.10.10"]
[SourceVersion "1"]
[SourceVersionDate "2023.10.10"]
[SourceQuality "1"]

1. d4 Nf6 2. Nf3 e6 3. g3 c5 4. Bg2 cxd4 5. 0-0 Nc6 6. Nxd4 a6 7. c4 Qb6 8. Nb3 h5 9. Nc3 Ne5 10. c5 Qb4 11. Bf4 Ng6 12. a3 Qc4 13. Be3 h4 14. Bd4 e5 15. Rc1 Qe6 16. Be3 Be7 17. Bg5 Qg4 18. Bxf6 Bxf6 19. e3 Qg5 20. Ne4 Qh6 21. Nd6+ Ke7 22. Nf5+ 1-0

[Event "Braila Albulet Memorial (Women) 13th"]
[Site "Braila"]
[Date "2022.11.04"]
[Round "9"]
[White "Sliwicka, Alicja"]
[Black "Cosma, Elena Luminita"]
[Result "1-0"]
[WhiteElo "2254"]
[BlackElo "2243"]
[PlyCount "65"]
[EventDate "2022.10.29"]
[EventType "tourn"]
[EventRounds "9"]
[EventCountry "ROU"]
[SourceTitle "EXT 2024"]
[Source "ChessBase"]
[SourceDate "2023.10.10"]
[SourceVersion "1"]
[SourceVersionDate "2023.10.10"]
[SourceQuality "1"]

1. e4 e6 2. d4 d5 3. e5 c5 4. c3 Nc6 5. Nf3 Bd7 6. Be2 f6 7. 0-0 fxe5 8. dxe5 Qc7 9. Re1 Nh6 10. b4 Nf7 11. Bf4 cxb4 12. a3 bxa3 13. Nxa3 Bxa3 14. Rxa3 Na5 15. Nd4 Qc5 16. Qa1 Nc4 17. Rb3 b6 18. Bd3 a5 19. Qd1 a4 20. Rb1 g5 21. Bg3 a3 22. Qh5 Ra7 23. Bf5 Qe7 24. f4 Kf8 25. Bxe6 a2 26. Ra1 Bxe6 27. f5 Bxf5 28. Nxf5 Qe6 29. Nd4 Qg6 30. Qf3 Kg7 31. Nf5+ Kg8 32. e6 h5 33. Rxa2 1-0

[Event "Braila Albulet Memorial (Women) 13th"]
[Site "Braila"]
[Date "2022.10.31"]
[Round "4"]
[White "Doluhanova, Evgeniya"]
[Black "Cosma, Elena Luminita"]
[Result "0-1"]
[WhiteElo "2264"]
[BlackElo "2243"]
[PlyCount "128"]
[EventDate "2022.10.29"]
[EventType "tourn"]
[EventRounds "9"]
[EventCountry "ROU"]
[SourceTitle "EXT 2024"]
[Source "ChessBase"]
[SourceDate "2023.10.10"]
[SourceVersion "1"]
[SourceVersionDate "2023.10.10"]
[SourceQuality "1"]

1. e4 e6 2. d4 d5 3. exd5 exd5 4. Nf3 Nf6 5. Bd3 Bd6 6. Qe2+ Qe7 7. Qxe7+ Bxe7 8. Bf4 c6 9. 0-0 0-0 10. a4 Re8 11. Nbd2 Nbd7 12. Rfe1 Nf8 13. Re2 Ne6 14. Bg3 Nh5 15. Rae1 Nxg3 16. hxg3 Bf6 17. Nb3 Bd7 18. Ne5 Bxe5 19. Rxe5 g6 20. f4 f6 21. R5e3 Kf7 22. f5 Ng7 23. fxg6+ hxg6 24. Nc5 Rxe3 25. Rxe3 Bc8 26. a5 b6 27. Nb3 Bf5 28. Bxf5 Nxf5 29. Rc3 Rc8 30. g4 Nd6 31. axb6 axb6 32. Nd2 Nb5 33. Rd3 g5 34. Kf2 Nd6 35. Rb3 Nb5 36. Rb4 Ke6 37. Nf1 Ra8 38. Ne3 Ra5 39. c4 dxc4 40. Nxc4 Ra6 41. Ne3 Nc7 42. Rc4 Kd7 43. Rc2 Ra4 44. Rd2 Rb4 45. Ke1 Rb3 46. Kf2 Nd5 47. Nxd5 cxd5 48. Kf1 Rg3 49. Rf2 Ke6 50. Re2+ Kf7 51. Rc2 Rxg4 52. Rc6 b5 53. Rc5 Rxd4 54. Rxb5 Rd2 55. Rb6 Kg6 56. b4 Kf5 57. b5 Rb2 58. Rb8 Kf4 59. b6 Kg3 60. b7 Rb1+ 61. Ke2 Kxg2 62. Rf8 Rxb7 63. Rxf6 Re7+ 64. Kd3 g4 0-1